000 00768nam a2200229Ii 4500
003 JO-AjNU
008 230605s9999||||xx |||||||||||||| ||und||
017 _a2003/11/2404
040 _aJO-AjNU
_bara
_erda
_cJO-AjNU
041 _aara
050 1 4 _aTH435.A28 2004
100 3 _aابو عودة، حسين,
_eauthor
_920677
245 0 0 _aحساب الكميات والمواصفات، ج1
250 _aط1
264 3 1 _aعمان:مكتبة المجتمع العربي ،2004
300 _aج1، 188ص
336 _atext
_btxt
_2rdacontent
337 _aunmediated
_bn
_2rdamedia
338 _avolume
_bnc
_2rdacarrier
490 0 _aسلسلة الهندسة المدنية 1
650 4 _aالهندسة الانشائية-التحليل الانشائي
_920678
999 _aA7052
_c10620
_d10620